000
00248nam a22001097a 4500
082
_a
001
_b
VIJ/E
100
_a
VIJAYAN, V S
245
_a
EGALITARIANISM TO INFORMATION TECHNOLOGY
260
_a
THRISSUR
_b
PEN BOOKS
650
_a
GK
_z
KERALA
942
_c
BK
999
_c
6689
_d
6689